A practical English Grammar. Exercises 1

Uložené v:
Podrobná bibliografia
Hlavní autori: Thompson, A.J (Autor), Martinet, A.V (Autor)
Médium: Kniha
Jazyk:English
Vydavateľské údaje: Oxford : Oxford University Press, 1981
Predmet:
Tagy: Pridať tag
Žiadne tagy, Buďte prvý, kto otaguje tento záznam!

MARC

LEADER 00000nam a22000003a 4500
001 stu93079
005 20150617225617.0
008 050303s1981----uk------------------eng-d
040 |a STU  |b slo 
041 0 |a eng 
044 |a uk 
080 |a 802.0(075) 
100 1 |a Thompson, A.J  |4 aut 
245 1 |a A practical English Grammar. Exercises 1 
260 |a Oxford :  |b Oxford University Press,  |c 1981 
300 |a 176 s 
650 7 |a angličtina  |2 stusub 
650 7 |a gramatika  |2 stusub 
700 1 |a Martinet, A.V  |4 aut 
996 |b E49054  |c E*49054  |l EE11  |s P  |a 0  |w stu93079_0001 
996 |b E49057  |c E*49057  |l EE11  |s P  |a 0  |w stu93079_0002